Bundesliga TOP 50: Ausländische Spieler von Borussia Dortmund - Statistiken

Allgemein
  • Dieses Quiz wurde 582 mal gespielt
  • Das Durchschnittsergebnis liegt bei 27 aus 50
Antwortstatistiken
Rang Nation Spiele Zeitraum Position Spieler % Korrekt
14 POL 131 2010 - 2014 ST Robert Lewandowski
95%
11 GAB 144 2013 - 2018 ST Pierre-Emerick Aubameyang
92%
41 NOR 67 2020 - 2022 ST Erling Haaland
89%
7 SUI 176 2015 - 2022 TW Roman Bürki
89%
10 JPN 148 2010 - 20122014 - 2019 MF Shinji Kagawa
88%
23 ENG 104 2017 - 2021 MF Jadon Sancho
86%
3 TUR 223 2005 - 20112013 - 2018 MF Nuri Şahin
86%
38 ENG 70 2020 - 2022 MF Jude Bellingham
84%
1 BRA 322 1998 - 2011 V Dedé
83%
6 SRB 196 2008 - 2018 V Neven Subotić
82%
5 POL 197 2007 - 2015 MF Jakub Błaszczykowski
80%
12 POR 142 2016 - 2022 V Raphaël Guerreiro
80%
28 USA 90 2016 - 2019 MF Christian Pulisic
78%
2 POL 264 2010 - 2021 V Łukasz Piszczek
78%
15 GRE 130 2013 - 2018 V Sokratis
78%
32 BEL 80 2019 - 2022 MF Thorgan Hazard
77%
22 BEL 105 2018 - 2022 MF Axel Witsel
75%
17 SUI 119 2018 - 2022 V Manuel Akanji
74%
9 CZE 149 2001 - 2006 MF Tomáš Rosický
74%
13 CZE 138 2001 - 2006 ST Jan Koller
71%
30 PAR 83 2009 - 2012 ST Lucas Barrios
71%
46 USA 61 2019 - 2022 MF Giovanni Reyna
68%
37 SUI 74 2006 - 2009 ST Alexander Frei
65%
28 ARM 90 2013 - 2016 MF Henrikh Mkhitaryan
64%
44 DEN 62 2018 - 2021 MF Thomas Delaney
64%
43 EGY 66 2008 - 2012 ST Mohamed Zidan
60%
41 FRA 67 2017 - 2022 V Dan-Axel Zagadou
58%
48 BRA 59 2001 - 2004 ST Márcio Amoroso
55%
4 SUI 218 1991 - 1999 ST Stéphane Chapuisat
53%
26 BRA 95 2008 - 2013 V Felipe Santana
52%
20 PAR 113 2006 - 2010 ST Nelson Valdez
45%
17 BRA 119 2001 - 2005 ST Ewerthon
41%
31 POL 81 2005 - 2007 ST Ebi Smolarek
39%
25 BRA 98 2006 - 2010 MF Tinga
36%
16 BRA 123 1999 - 2005 V Evanilson
35%
36 GHA 75 1999 - 2005 MF Otto Addo
34%
32 BRA 80 1994 - 1999 V Júlio César
27%
40 SUI 68 2005 - 2008 V Philipp Degen
25%
44 RSA 62 2005 - 2009 ST Delron Buckley
22%
19 DEN 116 1990 - 1995 ST Flemming Povlsen
18%
35 RUS 76 1994 - 2000 MF Vladimir But
15%
49 AUT 57 1996 - 2000 V Wolfgang Feiersinger
15%
50 ALG 56 2001 - 2005 V Ahmed Madouni
14%
8 ROU 163 1982 - 1988 MF Marcel Răducanu
13%
27 SRB 91 1999 - 2002 MF Miroslav Stević
11%
46 NED 61 1998 - 2001 V Alfred Nijhuis
8%
24 SCO 103 1987 - 1990 MF Murdo MacLeod
8%
21 TUR 106 1980 - 19841986 - 1987 MF Erdal Keser
7%
38 NED 70 1976 - 1978 ST Willi Lippens
5%
34 MNE 79 1969 - 1974 V Branko Rašović
1%
Keine übereinstimmenden Quizze gefunden
Verteilung der Resultate
Anzahl Personen mit jedem Resultat
Perzentil nach korrekt beantworteten Fragen
Ihre Resultats-Entwicklung
Sie haben dieses Quiz noch nicht gespielt